000 00526nam a2200181Ia 4500
008 090630s9999 xx 000 0 und d
082 _b24687
100 _aचौगुले सहदेव.
245 _aपाथेय.
_cचौगुले सहदेव.
260 _bअजब.
300 _a0
600 _aचौगुले सहदेव.
630 _aपाथेय.
655 _aचरित्र.
700 _aचौगुले सहदेव.
730 _aपाथेय.
942 _cBOOK
999 _c276543
_d276543